000 00716nam a2200217 a 4500
005 20210223123002.0
008 991125s1976 mx 000 0 spa u
020 _a0393054977
035 _aUPN01000045154
049 _aCG
050 4 _aHD82
_bK8.78
100 1 _aKuznets, Simon Smith,
_d1901-1985
245 1 0 _aPoblación, capital y crecimiento :
_bensayos selectos /
_cSimon Kuznets ; tr. por Agustín Bárcena.
260 _aMéxico :
_bEDAMEX,
_c1976.
300 _a348 p.
440 0 _aDidáctica moderna
650 4 _aDESARROLLO ECONOMICO -
_vCOLECCIONES DE ESCRITOS
_911253
650 4 _aCAPITAL -
_vCOLECCIONES DE ESCRITOS
_96334
650 4 _aPOBLACION -
_vCOLECCIONES DE ESCRITOS
_91180
905 _aLibro
999 _c45154
_d45154